Región Andina: sistemas de partidos en análisis /
En este artículo se pretende responder por qué colapsó el sistema de partidos en Bolivia, Ecuador y Venezuela. Esta compleja pregunta tiene una respuesta multicausal; sin embargo, se desarrollarán tres conjeturas: i) diseños institucionales, ii) crisis de representación política y iii) agencia de lo...
Salvato in:
| Autore principale: | |
|---|---|
| Natura: | testo |
| Soggetti: | |
| Tags: |
Aggiungi Tag
Nessun Tag, puoi essere il primo ad aggiungerne!!
|
MARC
| LEADER | 00000 a a2200000 04500 | ||
|---|---|---|---|
| 001 | 45703 | ||
| 003 | |||
| 040 | |a CRAI/IIS |c CRAI/IIS | ||
| 100 | |a Ulloa Tapia, César | ||
| 245 | |a Región Andina: |b sistemas de partidos en análisis / |c César Ulloa Tapia | ||
| 520 | |a En este artículo se pretende responder por qué colapsó el sistema de partidos en Bolivia, Ecuador y Venezuela. Esta compleja pregunta tiene una respuesta multicausal; sin embargo, se desarrollarán tres conjeturas: i) diseños institucionales, ii) crisis de representación política y iii) agencia de los partidos en el gobierno. En este contexto, se pueden advertir múltiples escenarios, donde interactúen las conjeturas. Pese a las diferentes realidades de los países, se tratará de identificar semejanzas y diferencias en los procesos políticos. Al final, se advertirán posibles nuevos escenarios sin el objetivo de pronóstico, sino más bien de continuar con el debate. | ||
| 590 | |a AMB/MAYO2014 | ||
| 650 | |a GOBIERNO | ||
| 650 | |a MARCO INSTITUCIONAL | ||
| 650 | |a SISTEMAS POLITICOS | ||
| 650 | |a BOLIVIA | ||
| 650 | |a ECUADOR | ||
| 650 | |a VENEZUELA | ||
| 773 | |g número140 (2013), páginas 85-96 | ||
| 999 | |c 18393 |d 18393 | ||
| 773 | 0 | |0 18728 |9 3008 |a Universidad de Costa Rica |d San José, Costa Rica Editorial UCR 1956- |o 15467 |t Revista de Ciencias Sociales/ |x 04825276 | |
